تجديد الفكر الاسلامى

Bibliographic Details
Main Author: عبد الحميد, محسن (Author)
Corporate Author: International Institute of Islamic Thought
Format: Book
Language:Arabic
Published: Herndon, Virginia : The International Institute of Islamic Thought , 1996
Edition:الطبعة 2
Series:سلسلة قضايا الفكر الاسلامي 10
Subjects:

MARC

LEADER 00000cam a2200000 7i4500
001 0000040913
005 20120419093000.0
008 021119s1996 vau ara
020 |a 1565642031 
050 0 0 |a BP163   |b .A33 
090 0 0 |a BP163   |b .A33 
100 0 |a عبد الحميد, محسن ,   |e author 
241 0 0 |a Tajdid al-fikr al-Islami 
245 1 0 |a تجديد الفكر الاسلامى   |c محسن عبد الحميد 
250 |a الطبعة 2 
260 |a Herndon, Virginia :   |b The International Institute of Islamic Thought ,   |c 1996 
300 |a 246 p. ;   |c 24 cm. 
490 0 |a سلسلة قضايا الفكر الاسلامي   |v 10 
504 |a Includes bibliographical references (p. 239-248) and index 
650 0 |a Islam   |y 20th century 
710 2 |a International Institute of Islamic Thought 
999 |a 1000032037   |b Book   |c OPEN SHELF (30 DAYS)   |e Gong Badak Campus 
999 |a 1000068786   |b Book   |c OPEN SHELF (30 DAYS)   |e Gong Badak Campus